00417cam a2200157ua 45000010005000000080039000050400009000440820013000531000027000662450055000932500009001482600036001573000017001936530019002106530030002293094110928n ii |||gr||||Z||||||asm cMAIN a891.45131 aSarma, Satyendra Nath,11aAsamiya upanyasar bhumikacby Satyendra nath Sarma a4th. aGuahati:bSaumar Prakashan,992. a184p:c23cm. aAssamese novel aAsamiya upanyasar bhumika